000 01335nam a2200325Ia 4500
005 20170706103134.0
010 _aBAC-EN21 ENG-111798
020 _a9789332516854
_c175.00
035 _aEN-95330
035 _aB-589782-809
035 _aB-668096
037 _bTechniz/Ven
_adpl
037 _bDBAD/PUB
082 _a808.042
100 _aBonnett, Alastair
245 _aHow to argue /
_cby Alastair Bonnett
250 _a3rd ed
260 _c2014
_aNew Delhi
_bPearson India
270 _a11 Community Centre,Panchsheel Park
_bNew Delhi
_e110017
300 _c22cm(pbk)
_axv,125p.
490 _a Smarter study skills
500 _aIncludes bibliographical references (p. 114-115).
520 _aOne of the most difficult things students within higher education have to learn is how to argue. Packed with exercises, examples and case studies, this book aims to address this problem.
650 _aEnglish language
_xRhetoric.
650 _aSocial sciences
_x Authorship.
650 _aPersuasion (Rhetoric)
942 _cEN
_2ddc
_mBON
_h808.042
999 _c88167
_d88167